000 01110cam a22003011a 4500
001 24655
003 BD-RjUL
005 20211209001059.0
008 140315s1933 enkacfi b 001 0 eng
035 _a(BD-RjUL)24724
035 _a(OCoLC)386082
040 _aDLC
_cOAU
_dTxU-Hu
_dDLC
_dBD-RjUL
_beng
041 _aeng
082 _a928.2
_bSAB 1933
100 1 _aSadleir, Michael,
_d1888-1957.
_957371
245 1 0 _aBlessington-D'Orsay :
_ba masquerade /
_cby Michael Sadleir.
260 _aLondon :
_bConstable & Co.,
_c1933.
300 _aviii, 411 p., [18] leaves of plates :
_bill., coats of arms, geneal. tables, ports. ;
_c23 cm.
500 _aAmerican ed. has title: The strange life of Lady Blessington.
500 _a"First published ... 1933"--Verso of t.p.
500 _aIllustrated lining-papers.
504 _aIncludes bibliographical references and index.
600 1 0 _aBlessington, Marguerite,
_cCountess of,
_d1789-1849.
_975880
600 1 0 _aOrsay, Alfred Guillaume Gabriel,
_ccomte d',
_d1801-1852.
_975881
942 _2ddc
_cBK
999 _c24655
_d24655